000 00269 a2200109 4500
000 nam a22 7a 4500
005 20260206144238.0
100 _aAnnadurai, S.
_91114256
245 _aBasic Electrical & Electronic Engineering
260 _bPearson
942 _cTEXL
999 _c1678819
_d1678819